Magnetic resonance imaging of the brain and spine (Record no. 31933)

MARC details
000 -LEADER
fixed length control field 00656nam a2200169 a 4500
008 - FIXED-LENGTH DATA ELEMENTS--GENERAL INFORMATION
fixed length control field 130926s1991 ||||||||||||||||| || u
020 ## - INTERNATIONAL STANDARD BOOK NUMBER
International Standard Book Number 0881676942
050 ## - LIBRARY OF CONGRESS CALL NUMBER
Classification number RD 594 MAG
245 00 - TITLE STATEMENT
Title Magnetic resonance imaging of the brain and spine
Statement of responsibility, etc. edited by Scott W. Atlas
260 ## - PUBLICATION, DISTRIBUTION, ETC.
Place of publication, distribution, etc. New York:
Name of publisher, distributor, etc. Raven Press
Date of publication, distribution, etc. 1991
300 ## - PHYSICAL DESCRIPTION
Extent xiii, 1137p.: ill.
650 #0 - SUBJECT ADDED ENTRY--TOPICAL TERM
Topical term or geographic name entry element BRAIN--IMAGING
650 ## - SUBJECT ADDED ENTRY--TOPICAL TERM
Topical term or geographic name entry element NERVOUS SYSTEM--SURGERY
650 ## - SUBJECT ADDED ENTRY--TOPICAL TERM
Topical term or geographic name entry element SURGERY--DATA PROCESSING
650 ## - SUBJECT ADDED ENTRY--TOPICAL TERM
Topical term or geographic name entry element BRAIN--SURGERY
995 ## -
-- MEDICAL LIBRARY OPEN ACCESS
-- 902349
-- CBU-SCHOOL OF MEDICINE LIBRARY (Ndola)
-- RD 594 MAG
-- 1
-- AVAILABLE
-- Nov 6, 2013
-- 902349
-- Medical Library Open Access Collection
999 ## -
-- 31933
-- 31933
Holdings
Withdrawn status Lost status Source of classification or shelving scheme Damaged status Not for loan Permanent Location Current Location Shelving location Date acquired Total Checkouts Full call number Barcode Date last seen Price effective from Koha item type
          CBU-SCHOOL OF MEDICINE LIBRARY, NDOLA. CBU-SCHOOL OF MEDICINE LIBRARY, NDOLA.   11/30/2022   RD 594 MAG 902349 11/30/2022 11/30/2022 MONOGRAPH